LEADER 01576nam 2200493 450 001 9910712004503321 005 20190501090350.0 035 $a(CKB)5470000002490062 035 $a(OCoLC)1099564828 035 $a(EXLCZ)995470000002490062 100 $a20190501d2017 ua 0 101 0 $aeng 135 $aur||||||||||| 181 $ctxt$2rdacontent 182 $cc$2rdamedia 183 $acr$2rdacarrier 200 10$aAccelerated aging of preservative-treated structural plywood /$fC. Adam Senalik [and four others] 210 1$aMadison, WI :$cUnited States Department of Agriculture, Forest Service, Forest Products Laboratory,$d2017. 215 $a1 online resource (17 pages) $cillustrations (some color) 225 1 $aResearch paper FPL-RP ;$v691 300 $a"July 2017." 320 $aIncludes bibliographical references (pages 10-13). 606 $aPlywood$xTesting 606 $aMoisture 606 $aTemperature 606 $aLoads (Mechanics) 606 $aFlexure 606 $aShear (Mechanics) 606 $aPlywood$xPreservation 615 0$aPlywood$xTesting. 615 0$aMoisture. 615 0$aTemperature. 615 0$aLoads (Mechanics) 615 0$aFlexure. 615 0$aShear (Mechanics) 615 0$aPlywood$xPreservation. 700 $aSenalik$b C. Adam$01417316 712 02$aForest Products Laboratory (U.S.), 801 0$bGPO 801 1$bGPO 906 $aBOOK 912 $a9910712004503321 996 $aAccelerated aging of preservative-treated structural plywood$93525326 997 $aUNINA LEADER 04157nam 22007815 450 001 996587866403316 005 20231223113332.0 010 $a3-031-50078-4 024 7 $a10.1007/978-3-031-50078-7 035 $a(CKB)29468352500041 035 $a(DE-He213)978-3-031-50078-7 035 $a(MiAaPQ)EBC31051279 035 $a(Au-PeEL)EBL31051279 035 $a(EXLCZ)9929468352500041 100 $a20231223d2024 u| 0 101 0 $aeng 135 $aur||||||||||| 181 $ctxt$2rdacontent 182 $cc$2rdamedia 183 $acr$2rdacarrier 200 10$aAdvances in Computer Graphics$b[electronic resource] $e40th Computer Graphics International Conference, CGI 2023, Shanghai, China, August 28 ? September 1, 2023, Proceedings, Part IV /$fedited by Bin Sheng, Lei Bi, Jinman Kim, Nadia Magnenat-Thalmann, Daniel Thalmann 205 $a1st ed. 2024. 210 1$aCham :$cSpringer Nature Switzerland :$cImprint: Springer,$d2024. 215 $a1 online resource (XII, 404 p. 122 illus., 100 illus. in color.) 225 1 $aLecture Notes in Computer Science,$x1611-3349 ;$v14498 311 08$a9783031500770 327 $aDetection and Recognition -- Image Analysis and Processing; Image Restoration and Enhancement; Image Attention and Perception -- Reconstruction; Rendering and Animation -- Synthesis and Generation -- Visual Analytics and Modeling; Graphics and AR/VR -- Medical Imaging and Robotics -- Theoretical Analysis; Image Analysis and Visualization in Advanced Medical Imaging Technology -- Empowering Novel Geometric Algebra for Graphics and Engineering. 330 $aThis 4-volume set of LNCS 14495-14498 constitutes the proceedings of the 40th Computer Graphics International Conference, CGI 2023, held in Shanghai, China, August 28 ? September 1, 2023. The 149 papers in this set were carefully reviewed and selected from 385 submissions. They are organized in topical sections as follows: Detection and Recognition; Image Analysis and Processing; Image Restoration and Enhancement; Image Attention and Perception; Reconstruction; Rendering and Animation; Synthesis and Generation; Visual Analytics and Modeling; Graphics and AR/VR; Medical Imaging and Robotics; Theoretical Analysis; Image Analysis and Visualization in Advanced Medical Imaging Technology; Empowering Novel Geometric Algebra for Graphics and Engineering. 410 0$aLecture Notes in Computer Science,$x1611-3349 ;$v14498 606 $aApplication software 606 $aComputer systems 606 $aComputer networks 606 $aData structures (Computer science) 606 $aInformation theory 606 $aCoding theory 606 $aComputer science 606 $aComputer and Information Systems Applications 606 $aComputer System Implementation 606 $aComputer Communication Networks 606 $aData Structures and Information Theory 606 $aCoding and Information Theory 606 $aTheory of Computation 615 0$aApplication software. 615 0$aComputer systems. 615 0$aComputer networks. 615 0$aData structures (Computer science). 615 0$aInformation theory. 615 0$aCoding theory. 615 0$aComputer science. 615 14$aComputer and Information Systems Applications. 615 24$aComputer System Implementation. 615 24$aComputer Communication Networks. 615 24$aData Structures and Information Theory. 615 24$aCoding and Information Theory. 615 24$aTheory of Computation. 676 $a005.3 702 $aSheng$b Bin$4edt$4http://id.loc.gov/vocabulary/relators/edt 702 $aBi$b Lei$4edt$4http://id.loc.gov/vocabulary/relators/edt 702 $aKim$b Jinman$4edt$4http://id.loc.gov/vocabulary/relators/edt 702 $aMagnenat-Thalmann$b Nadia$4edt$4http://id.loc.gov/vocabulary/relators/edt 702 $aThalmann$b Daniel$4edt$4http://id.loc.gov/vocabulary/relators/edt 801 0$bMiAaPQ 801 1$bMiAaPQ 801 2$bMiAaPQ 906 $aBOOK 912 $a996587866403316 996 $aAdvances in Computer Graphics$9772590 997 $aUNISA